| 000 | 00843nam a2200265 a 4500 | ||
|---|---|---|---|
| 001 | 18576 | ||
| 003 | BD-RjUL | ||
| 005 | 20211209000315.0 | ||
| 008 | 140220s1969 xna 000 0 eng d | ||
| 035 | _a(BD-RjUL)18634 | ||
| 035 | _a(BD-RjUL) | ||
| 040 |
_aANL _beng _cANL _dABN-SNR _dBD-RjUL |
||
| 041 | _aeng | ||
| 082 | 0 | 4 |
_a808.8 _220 _bBES 1969 |
| 245 | 0 | 0 | _aBest sellers from the Reader's Digest condensed books / |
| 260 |
_aNew York : _bReader's Digest, _cc1969. |
||
| 300 |
_a503 p. : _bill. (chiefly col.), port. ; _c19 cm. |
||
| 600 | 1 | 0 |
_aHocken, Sheila, _d1946- _957247 |
| 650 | 0 |
_aCondensed books. _957226 |
|
| 650 | 0 |
_aBlind _zEngland _xBiography. _957227 |
|
| 650 | 0 |
_aGuide dogs. _957228 |
|
| 700 | 1 | 2 |
_aSmith, Wilbur, _d1933- _tHungry as the sea. _957229 |
| 700 | 1 | 2 |
_aHocken, Sheila, _d1946- _tEmma and I. _957230 |
| 942 |
_2ddc _cBK |
||
| 999 |
_c18576 _d18576 |
||